00225nam a2200097Ia 4500008004100000082001500041100001800056245002000074260001800094600001500112241002s9999 xx 000 0 und d a808.84 LAW aLawrence, D.H 0aSelected Essays aLondon:c1969 aLiterature